000 00841nam a22002417a 4500
003 OSt
005 20250827154843.0
008 250827b |||||||| |||| 00| 0 eng d
037 _cDissertation
040 _aFEDL
_beng
_cFEDL
041 _aeng
_heng
082 _a407 CHA/DI
100 _aChaube, Diksha
_9819082
110 _aUniversity of Delhi. Department of Education
_9818316
245 _aSociological analysis of the language experiences of students of education:
_bA study of language medium/
_cby Diksha Chaube. Alka Behari. Supervisor
260 _bUniversity of Delhi
_c2025
300 _a92p.
650 _aLANGUAGE TEACHING
_9819083
650 _aSOCIOLOGICAL ANALYSIS
_9819084
700 _aBehari, Alka. Supervisor
_9819085
942 _2ddc
_cDIS
_h407 CHA/DI
_n0
999 _c1434920
_d1434920